000 00588nam a2200229Ia 4500
003 OSt
005 20221005120349.0
006 a|||||r|||| 00| 0
007 ta
008 221004b |||||||| |||| 00| 0 mal d
024 _a56056
037 _cTextual
040 _aCRL
_cCRL
_bmal
041 _2mal
_amal
082 _aO32,3MMA, J5
100 _aTharakan Niathan Au.
_9629061
245 0 _aDuran thachumbanam
260 _c1955
650 _aMALAYALAM FICTION
_9183428
942 _hO32,3MMA, J5
_cTEXL
_2cc
999 _c1037757
_d1037757